Διαχρονική πορεία της ρύπανσης των υπόγειων υδάτων από νιτρικά γεωργικής προέλευσης στους δήμους Εμμανουήλ Παππα και νέας Ζίχνης της περιφερειακής ενότητας Σερρών

Αποθηκεύτηκε σε:
Λεπτομέρειες βιβλιογραφικής εγγραφής
Κύριος συγγραφέας: Κοκοβίδης, Στέφανος
Συγγραφή απο Οργανισμό/Αρχή: Πανεπιστήμιο Αιγαίου Σχολή Περιβάλλοντος Τμήμα Περιβάλλοντος Πρόγραμμα Μεταπτυχιακών Σπουδών Γεωργία και Περιβάλλον
Άλλοι συγγραφείς: Δαναλάτος, Νίκος (Εισηγητής διατριβής)
Μορφή: Thesis Βιβλίο
Γλώσσα:Greek
Δημοσίευση: 2011
Θέματα:
Διαθέσιμο Online:http://hdl.handle.net/11610/15395
Ετικέτες: Προσθήκη ετικέτας
Δεν υπάρχουν, Καταχωρήστε ετικέτα πρώτοι!

MARC

LEADER 00000cam a2200000 i 4500
001 1/19015
008 120427s2011 gre d
035 |l 10112278 
040 |a GR-MY-UA  |b gre  |e aacr 
041 0 |a gre 
082 0 |a 363.7394  |2 (22) 
100 1 |a Κοκοβίδης, Στέφανος. 
245 1 0 |a Διαχρονική πορεία της ρύπανσης των υπόγειων υδάτων από νιτρικά γεωργικής προέλευσης στους δήμους Εμμανουήλ Παππα και νέας Ζίχνης της περιφερειακής ενότητας Σερρών /  |c Στέφανος Κοκοβίδης ; υπεύθυνος καθηγητής Νικόλαος Δαναλάτος 
260 |c 2011 
300 |a 113 σ.;  |b πιν., σχ.;  |c 30 εκ. 
500 |a Βιβλιογραφία: σ. 82-86 
502 |a Διατριβή (μεταπτυχιακή) – Πανεπιστήμιο Αιγαίου, Λέσβος, 2011. 
650 0 0 |a Agriculture  |z Serrai (Greece : Nome) 
650 0 0 |a Agricultural pollution  |z Serrai (Greece : Nome) 
650 0 0 |a Agricultural chemicals  |x Environmental aspects. 
650 0 0 |a Nitrates  |x Environmental aspects. 
650 0 0 |a Water  |x Pollution  |z Serrai (Greece : Nome) 
650 0 0 |a Groundwater  |x Pollution  |z Serrai (Greece : Nome) 
650 0 0 |a Dissertations, Academic  |z Greece. 
700 1 |a Δαναλάτος, Νίκος.  |4 ths 
710 2 |a Πανεπιστήμιο Αιγαίου  |b Σχολή Περιβάλλοντος  |b Τμήμα Περιβάλλοντος  |b Πρόγραμμα Μεταπτυχιακών Σπουδών Γεωργία και Περιβάλλον. 
852 |a INST  |b LESVOS  |c DIATR  |e 20120427  |h 413  |p 005100050467  |q 005100050467  |t MTXE  |y 23 
852 |a INST  |b LESVOS  |c DIATR  |e 20120427  |h 414  |p 005100050466  |q 005100050466  |t MTXE  |y 23 
856 |u http://hdl.handle.net/11610/15395 
901 |a BIBL1-2012-1 
909 |a Λ  |b 173586 
909 |a Λ  |b 173588 
924 |a ΚΟΚΟΒΙΔΗΣ  |b ΣΤΕΦΑΝΟΣ  |y ΛΕΣΒΟΣ  |z 2011-12 
970 |a ΤΖΑΦΕΡΗ  |b ΕΥΑΓΓΕΛΙΑ  |z 2012/04/27